Statistics for Countries with the Fastest Internet Connection Speed

Click here to take the quiz!

General Stats

  • This quiz has been taken 20 times
  • The average score is 15 of 18

Answer Stats

Avg. connection speed (Mb/s)Answer% Correct
23.5Norway
100%
22.5Sweden
100%
21.7Switzerland
100%
16.9United Kingdom
100%
18.7United States
100%
16.3Belgium
95%
16.2Canada
95%
20.1Denmark
95%
20.5Finland
95%
20.2Japan
95%
17.4Netherlands
95%
28.6South Korea
95%
16.9Taiwan
90%
20.4France
85%
16.9Czech Republic
70%
16.6Latvia
60%
17.0Romania
35%
16.0Thailand
30%

Score Distribution

Percentile by Number Answered

Percent of People with Each Score

Your Score History

You have not taken this quiz